000 00574nam a22001697a 4500
999 _c60601
_d60601
005 20230915114223.0
008 230915s1986 enk||||| |||| 00| 0 eng d
020 _a0155037633
041 _aeng
080 _a75 C-87
100 _aCroix, Horst De La
_919694
245 _aGardner's Art Through the Ages /
_cHorst De La Croix And Richard G. Tansey.
264 _aSan Diego,
_c1986.
300 _a1008 p. :
_bill.;
_c28 cm.
653 _aგარდნერის ხელოვნება საუკუნეების მანძილზე
942 _2udc
_cBK